Desarrollo de una trilladora de superficies suaves

Na minha lista:
Detalhes bibliográficos
Autor principal: Porras Guzmán, Juan Ramón
Formato: Desconhecido
Publicado em: [San José, Costa Rica] 1976
Tags: Adicionar Tag
Sem tags, seja o primeiro a adicionar uma tag!

MARC

LEADER 00000 a2200000 4500
003 011047
005 20221231143803.0
008 140114s1976 cr a m 000 ||s d
040 |c cru CEDI 
090 |a TFG 093-76 
100 |a Porras Guzmán, Juan Ramón  |9 14654 
245 |a Desarrollo de una trilladora de superficies suaves 
260 |c 1976  |a [San José, Costa Rica] 
300 |a 65 hojas ;ilustraciones, 38 láminas 
500 |a A la cabeza de la portada. Universidad de Costa Rica. Facultad de Ingeniería. Escuela de Ingeniería Mecánica 
942 |c TFG 
999 |c 11980  |d 11980